| 000 | 00576nam a2200193Ia 4500 | ||
|---|---|---|---|
| 003 | GCL | ||
| 008 | 140319s9999 xx 000 0 ara d | ||
| 040 |
_aGCL / _cGCL |
||
| 082 | 0 | 4 |
_a629.283 _bأ ق |
| 100 | 1 | _aاحمد بركات | |
| 245 | 1 | 0 |
_aالقيادة السليمة وأداب الطريق / _cاحمد بركات |
| 260 |
_a[S.N] : _bمكتبة الانجلوالمصرية ، _c1985 |
||
| 300 | _a207 ص | ||
| 490 | _a | ||
| 650 | 0 | 4 | _aالاداب |
| 650 | 0 | 4 | _aالاداب الاجتماعية |
| 650 | 0 | 4 | _aقيادة السيارات |
| 942 |
_2ddc _cBK |
||
| 999 |
_c34883 _d34883 |
||